| 000 | 00905nam a22001937a 4500 | ||
|---|---|---|---|
| 999 |
_c62008 _d62008 |
||
| 003 | Ge_BSU | ||
| 005 | 20240621102431.0 | ||
| 008 | 240621s1960 ge ||||| |||| 00| 0 geo d | ||
| 041 | _ageo | ||
| 080 | _a630.187+615.834](479.22) გ-17 | ||
| 100 |
_aგიგაური, გ. _922525 |
||
| 245 |
_aსაქართველოს ტყეების კურორტოლოგიური მნიშვნელობა / _cგ. გიგაური; რედ. მ. შუბლაძე. |
||
| 264 |
_aთბ. : _b საბჭ. საქართველო, _c1960 |
||
| 300 |
_a71 გვ. : _bილ. ; _c21 სმ. |
||
| 504 | _aბიბლიოგრ: გვ. 69-70. | ||
| 653 | _aტყეების კურორტოლოგიური მნიშვნელობა | ||
| 700 |
_aშუბლაძე, მ. _eრედაქტორი _922526 |
||
| 942 |
_2udc _cBK |
||